[Event "XIV Open"]
[Site "Crema ITA"]
[Date "2012.09.01"]
[Round "4"]
[White "Raimondi, Celso"]
[Black "Casartelli, Fabio"]
[Result "0-1"]
[WhiteElo "1657"]
[BlackElo "1860"]
[PlyCount "60"]
[EventDate "2012.08.31"]

1. d4 Nf6 2. c4 e5 3. d5 d6 4. Nc3 g6 5. e4 Bg7 6. Be2 Nbd7 7. Nf3 O-O 8. O-O
a5 9. Ne1 Nc5 10. f3 Nh5 11. Nd3 Nxd3 12. Bxd3 Nf4 13. Be3 f5 14. c5 fxe4 15.
Bxe4 Bf5 16. Rc1 Bh6 17. Kh1 Bg7 18. cxd6 cxd6 19. Nb5 Qd7 20. a4 Rac8 21. Qd2
g5 22. Bb6 g4 23. Bxf5 Rxc1 24. Rxc1 Qxf5 25. Nxd6 Qf6 26. Bc5 gxf3 27. gxf3
Nh3 28. Qg2 Qh6 29. Re1 Nf4 30. Qd2 Qh3 0-1

[Event "XIV Open"]
[Site "Crema ITA"]
[Date "2012.09.01"]
[Round "4"]
[White "Rambaldi, Francesco"]
[Black "Khaetsky, Roman"]
[Result "0-1"]
[WhiteElo "2272"]
[BlackElo "2399"]
[PlyCount "78"]
[EventDate "2012.08.31"]

1. e4 c5 2. Nf3 e6 3. d4 cxd4 4. Nxd4 Nc6 5. Nc3 Qc7 6. Be3 a6 7. Be2 b5 8. O-O
Nf6 9. a3 Ne5 10. f4 Nc4 11. Bxc4 Qxc4 12. e5 Nd5 13. Nxd5 Qxd5 14. Nb3 Bb7 15.
Qe2 Rc8 16. Rfd1 Qe4 17. c3 Bd5 18. Rd4 Qg6 19. Rxd5 exd5 20. Nd4 Qe4 21. Qf2
Bc5 22. Rc1 Bxd4 23. Bxd4 Qf5 24. Bc5 g5 25. fxg5 Qxf2+ 26. Bxf2 Rg8 27. h4 Ke7
28. Bd4 a5 29. b4 axb4 30. axb4 Ra8 31. Rf1 Rgc8 32. Rf3 Ra3 33. Bc5+ Rxc5 34.
bxc5 d4 35. Kf2 dxc3 36. Ke2 b4 37. Kd1 b3 38. Rf4 Ra1+ 39. Ke2 c2 0-1

[Event "XIV Open"]
[Site "Crema ITA"]
[Date "2012.09.01"]
[Round "4"]
[White "Ranfagni, Stefano"]
[Black "Corso, Gabriele"]
[Result "0-1"]
[WhiteElo "1980"]
[BlackElo "1764"]
[PlyCount "86"]
[EventDate "2012.08.31"]

1. e4 e5 2. Nf3 Nf6 3. Nxe5 d6 4. Nf3 Nxe4 5. d4 d5 6. Bd3 Nc6 7. O-O Be7 8.
Re1 Bg4 9. c3 f5 10. h3 Bh5 11. Nbd2 O-O 12. Be2 Kh8 13. Nf1 Bd6 14. Ne5 Bxe2
15. Qxe2 Qe8 16. f3 Nf6 17. Bg5 Ne7 18. Qd2 Rd8 19. Re2 h6 20. Bh4 g5 21. Ng3
f4 22. Nf1 gxh4 23. Qxf4 Qh5 24. Qd2 Ng6 25. g4 hxg3 26. Nxg3 Nxe5 27. dxe5
Qxh3 28. exd6 Qxg3+ 29. Rg2 Qh3 30. dxc7 Rd7 31. Qf4 Rg7 32. Rxg7 Kxg7 33. Re1
Qd7 34. Kh2 Rf7 35. Rg1+ Kh7 36. Kh1 Qxc7 37. Qf5+ Kh8 38. Rg6 Qe7 39. Qc8+ Rf8
40. Rxh6+ Kg7 41. Qh3 Qe1+ 42. Kh2 Qd2+ 43. Kg1 Qxh6 0-1

[Event "XIV Open"]
[Site "Crema ITA"]
[Date "2012.09.01"]
[Round "4"]
[White "Redamante, Marzio"]
[Black "Tahiraj, Almir"]
[Result "0-1"]
[WhiteElo "1495"]
[BlackElo "1820"]
[PlyCount "76"]
[EventDate "2012.08.31"]

1. c4 e5 2. Nc3 d6 3. g3 g6 4. Bg2 Bg7 5. d3 c6 6. Nf3 f5 7. Qb3 Qc7 8. O-O Nf6
9. Bd2 O-O 10. Rfc1 h6 11. a3 Be6 12. Qa4 Nbd7 13. b4 Kh7 14. Qc2 Rab8 15. b5
c5 16. a4 e4 17. dxe4 Nxe4 18. Nxe4 fxe4 19. Qxe4 Bf5 20. Qh4 Nf6 21. Ng5+ Kg8
22. Ne4 Nxe4 23. Bxe4 Bxe4 24. Qxe4 Bxa1 25. Rxa1 Kh7 26. Ra3 Rbe8 27. Qh4 Qg7
28. e4 g5 29. Qg4 Qf6 30. Be3 Qe6 31. Qxe6 Rxe6 32. Rd3 Rff6 33. Bxc5 dxc5 34.
Rd7+ Kg6 35. Rxb7 Rf7 36. Rxf7 Kxf7 37. f3 Rd6 38. h4 Rd4 0-1

[Event "XIV Open"]
[Site "Crema ITA"]
[Date "2012.09.01"]
[Round "4"]
[White "Regorda, Vittorio"]
[Black "De Palma, Fabrizio"]
[Result "1-0"]
[WhiteElo "1828"]
[BlackElo "2108"]
[PlyCount "75"]
[EventDate "2012.08.31"]

1. d4 Nf6 2. c4 g6 3. g3 Bg7 4. Bg2 O-O 5. Nf3 c5 6. d5 d6 7. O-O e5 8. Nc3 Nh5
9. e4 h6 10. Nd2 a6 11. Bf3 Nf6 12. Bg2 Ne8 13. f4 f5 14. Kh1 Nd7 15. Qe2 Rb8
16. Rb1 Nc7 17. Bh3 b5 18. b3 exf4 19. Nd1 fxg3 20. exf5 Ne5 21. Ne3 Qh4 22.
Qg2 gxh2 23. Bb2 g5 24. Bxe5 Bxe5 25. Nf3 Qg3 26. Nxe5 Qxe5 27. Ng4 Qg7 28. f6
Qg6 29. f7+ Rxf7 30. Rxf7 Kxf7 31. Rf1+ Ke8 32. Qe2+ Kd8 33. Rf8+ Ne8 34. Nf6
Bxh3 35. Rxe8+ Kc7 36. Qe7+ Kb6 37. Rxb8+ Ka5 38. Qe1+ 1-0

[Event "XIV Open"]
[Site "Crema ITA"]
[Date "2012.09.01"]
[Round "4"]
[White "Sanchez, Joseph"]
[Black "Sgnaolin, Davide"]
[Result "1-0"]
[WhiteElo "2518"]
[BlackElo "2234"]
[PlyCount "67"]
[EventDate "2012.08.31"]

1. e4 c5 2. Nf3 Nc6 3. d4 cxd4 4. Nxd4 g6 5. Nc3 Bg7 6. Be3 Nf6 7. Bc4 O-O 8.
Bb3 a5 9. O-O Nxd4 10. Bxd4 d6 11. Qe2 Bd7 12. Rad1 a4 13. Bc4 Bc6 14. Nd5 Nd7
15. a3 Bxd4 16. Rxd4 Bxd5 17. exd5 f5 18. Re1 Rf7 19. c3 Nc5 20. Ba2 Qd7 21. h4
Ne4 22. g4 Nf6 23. g5 Nh5 24. Bb1 Ng7 25. f4 Ne8 26. h5 Nc7 27. Kg2 Ra5 28. Ba2
Na6 29. Rh1 Nc5 30. hxg6 hxg6 31. Rh6 Rg7 32. Bb1 Qb5 33. Bd3 Qb3 34. Kg3 1-0

[Event "XIV Open"]
[Site "Crema ITA"]
[Date "2012.09.01"]
[Round "4"]
[White "Spornberger, Maximilian"]
[Black "Sala, Giovanni"]
[Result "1-0"]
[WhiteElo "2225"]
[BlackElo "2022"]
[PlyCount "69"]
[EventDate "2012.08.31"]

1. e4 c5 2. c3 d5 3. exd5 Qxd5 4. d4 Nf6 5. Nf3 e6 6. Be3 Be7 7. dxc5 Qxd1+ 8.
Kxd1 Ng4 9. b4 a5 10. Bb5+ Bd7 11. Bxd7+ Kxd7 12. a3 Nxe3+ 13. fxe3 b6 14. Nbd2
Rd8 15. Kc2 axb4 16. cxb4 bxc5 17. b5 Bf6 18. Ra2 Ke7 19. a4 Nd7 20. Nc4 g5 21.
a5 g4 22. Nfd2 Rdb8 23. Rb1 Ne5 24. a6 h5 25. Nxe5 Bxe5 26. Nc4 Bxh2 27. b6 Kd7
28. a7 Rb7 29. Na5 Kc8 30. Nxb7 Kxb7 31. Ra3 f5 32. Rd3 h4 33. Rd7+ Ka6 34. b7
Rxa7 35. Rd3 1-0

[Event "XIV Open"]
[Site "Crema ITA"]
[Date "2012.09.01"]
[Round "4"]
[White "Swannie, Bryan"]
[Black "Barolo, Andrea"]
[Result "1/2-1/2"]
[WhiteElo "1702"]
[BlackElo "1940"]
[PlyCount "103"]
[EventDate "2012.08.31"]

1. d4 Nf6 2. c4 g6 3. Nc3 d5 4. Nf3 Bg7 5. g3 O-O 6. Bg2 c6 7. e3 dxc4 8. Ne5
Be6 9. Qa4 Nbd7 10. Nxc4 Nb6 11. Nxb6 Qxb6 12. Qc2 Bc4 13. b3 Be6 14. O-O Rfd8
15. Ba3 Qc7 16. Na4 Nd5 17. Nc5 Bc8 18. Rfd1 b6 19. Na4 Bb7 20. Rac1 Qd7 21.
Bxd5 cxd5 22. Qc7 Rac8 23. Qxd7 Rxd7 24. Rxc8+ Bxc8 25. Rc1 Ba6 26. f4 h5 27.
h4 Kf8 28. Kf2 Ke8 29. Ke1 Kd8 30. Kd2 Bf6 31. Nb2 Rc7 32. Nd3 Bxd3 33. Kxd3
Rxc1 34. Bxc1 Kd7 35. Kc3 Kc6 36. Kb4 e6 37. Ka4 Be7 38. b4 a6 39. Kb3 f6 40.
a4 g5 41. Kc3 gxh4 42. gxh4 f5 43. Bd2 Bxh4 44. Kd3 Be7 45. Ke2 b5 46. a5 Kd7
47. Kf3 Ke8 48. Kg3 Kf7 49. Kh3 Kg6 50. Be1 h4 51. Bd2 Kh5 52. Be1 1/2-1/2

[Event "XIV Open"]
[Site "Crema ITA"]
[Date "2012.09.01"]
[Round "4"]
[White "Swannie, Douglas"]
[Black "Tagliaferri, Valerio"]
[Result "1/2-1/2"]
[WhiteElo "1922"]
[BlackElo "1807"]
[PlyCount "93"]
[EventDate "2012.08.31"]

1. d4 f5 2. g3 Nf6 3. Bg2 e6 4. Nf3 Be7 5. O-O O-O 6. b3 d5 7. Ba3 Nbd7 8. Bxe7
Qxe7 9. Nc3 Ne4 10. Nxe4 fxe4 11. Nd2 e5 12. c3 c6 13. e3 Nf6 14. h3 h5 15. Qe1
Bf5 16. f4 exf3 17. Nxf3 e4 18. Ne5 Nd7 19. Nxd7 Qxd7 20. Kh2 Rf6 21. Qe2 g6
22. Rf2 Raf8 23. Raf1 Kg7 24. b4 R8f7 25. a3 Qd6 26. h4 Qf8 27. Rf4 a5 28. Qb2
axb4 29. axb4 Qc8 30. Ra1 Kh6 31. Qf2 g5 32. hxg5+ Kxg5 33. Rf1 Qe6 34. Qg1 Qd6
35. Qh1 Bg4 36. Kg1 Qe6 37. Qh4+ Kg6 38. Rxf6+ Rxf6 39. Rxf6+ Qxf6 40. Qxf6+
Kxf6 41. Bf1 Ke6 42. Kf2 Kd6 43. Ke1 b6 44. Kd2 c5 45. bxc5+ bxc5 46. Bb5 c4
47. Be8 1/2-1/2

[Event "XIV Open"]
[Site "Crema ITA"]
[Date "2012.09.01"]
[Round "4"]
[White "Tedoldi, Guido"]
[Black "Acunzo, Domenico"]
[Result "0-1"]
[WhiteElo "1600"]
[BlackElo "1743"]
[PlyCount "82"]
[EventDate "2012.08.31"]

1. c4 e5 2. Nc3 Nc6 3. e4 Nf6 4. Nf3 a6 5. d4 exd4 6. Nxd4 Bb4 7. Nxc6 bxc6 8.
Bd3 d6 9. O-O O-O 10. Qc2 h6 11. Bd2 Bc5 12. Rae1 Ng4 13. h3 Ne5 14. Be3 Re8
15. Bxc5 dxc5 16. Re3 Be6 17. b3 Qe7 18. f4 Nxd3 19. Rxd3 Rad8 20. Rfd1 Rd6 21.
f5 Bc8 22. Qf2 Qe5 23. Qh4 Kh7 24. Rxd6 cxd6 25. Rd3 a5 26. Qf2 Rd8 27. g4 Re8
28. Qh4 g6 29. fxg6+ fxg6 30. Qf2 Be6 31. Rf3 Qd4 32. Qxd4 cxd4 33. Ne2 c5 34.
Nf4 Kg7 35. Kg2 Bd7 36. Nd5 Rxe4 37. Nf6 Re7 38. Kf2 Bc6 39. Rf4 d3 40. Nd5
Bxd5 41. cxd5 d2 0-1

[Event "XIV Open"]
[Site "Crema ITA"]
[Date "2012.09.02"]
[Round "5"]
[White "Acunzo, Domenico"]
[Black "De Paoli, Emilio"]
[Result "1/2-1/2"]
[WhiteElo "1743"]
[BlackElo "1851"]
[PlyCount "169"]
[EventDate "2012.08.31"]

1. e4 e6 2. d4 d5 3. Nc3 Nf6 4. Bg5 Bb4 5. e5 h6 6. Bd2 Nfd7 7. Qg4 Kf8 8. h4
f5 9. Qf3 c5 10. Nge2 cxd4 11. Nxd4 Nxe5 12. Qg3 Nbc6 13. Nxc6 Nxc6 14. O-O-O
Bd6 15. f4 a6 16. h5 d4 17. Nb1 b5 18. c3 Qc7 19. Qf3 Bb7 20. Qf2 Nb4 21. Re1
Be4 22. Rxe4 Nxa2+ 23. Kd1 fxe4 24. Qxd4 Rd8 25. Qxe4 Qf7 26. g3 Qf5 27. Bd3
Qxe4 28. Bxe4 b4 29. Kc2 bxc3 30. bxc3 Rb8 31. Be3 Ke7 32. Bd4 Rhg8 33. Nd2
Rgc8 34. Kd3 Rd8 35. Nc4 Nb4+ 36. cxb4 Rxb4 37. Kc3 Rc8 38. Bd3 Kf7 39. g4 a5
40. Be5 Be7 41. Rg1 Bf6 42. Bxf6 gxf6 43. Ra1 Rcb8 44. Rxa5 Rb3+ 45. Kc2 Ke7
46. g5 fxg5 47. fxg5 hxg5 48. Rxg5 R3b5 49. Rg7+ Kf8 50. h6 Rh5 51. Rh7 Rc8 52.
Rh8+ Ke7 53. Rxc8 Rxh6 54. Nb6 e5 55. Nd5+ Kd7 56. Rc7+ Kd6 57. Be4 Rh4 58. Kd3
Rh3+ 59. Ke2 Rh4 60. Kf3 Rf4+ 61. Ke3 Rf1 62. Rc4 Ra1 63. Nc3 Re1+ 64. Kd2 Ra1
65. Nb5+ Ke6 66. Rc6+ Kd7 67. Rh6 Ra5 68. Nc3 Ke7 69. Nd5+ Kf7 70. Kc3 Rc5+ 71.
Kb4 Rc1 72. Nc3 Re1 73. Kc4 Kg7 74. Rc6 Re3 75. Kd5 Kf7 76. Kxe5 Rh3 77. Nd5
Rh5+ 78. Bf5 Rh2 79. Rc7+ Ke8 80. Kd6 Rd2 81. Be6 Kf8 82. Rf7+ Ke8 83. Rh7 Kf8
84. Kd7 Rxd5+ 85. Bxd5 1/2-1/2

[Event "XIV Open"]
[Site "Crema ITA"]
[Date "2012.09.02"]
[Round "5"]
[White "Adami, Antonio"]
[Black "Swannie, Douglas"]
[Result "1-0"]
[WhiteElo "1708"]
[BlackElo "1922"]
[PlyCount "93"]
[EventDate "2012.08.31"]

1. e4 e5 2. d4 exd4 3. Qxd4 Nc6 4. Qe3 Nf6 5. Nc3 Bb4 6. Bd2 O-O 7. O-O-O Re8
8. Bc4 Ne5 9. Bb3 d6 10. f3 Be6 11. Bxe6 Rxe6 12. g4 d5 13. Be1 Nc6 14. Nge2 h6
15. Nf4 Bxc3 16. Nxe6 Bxb2+ 17. Kxb2 fxe6 18. exd5 exd5 19. Qe6+ Kh8 20. h4 Qe7
21. Qxe7 Nxe7 22. Bc3 c6 23. g5 Nfg8 24. gxh6 Nxh6 25. Rhg1 Nef5 26. Rde1 d4
27. Bd2 Nxh4 28. Bxh6 Nxf3 29. Bxg7+ Kh7 30. Bxd4 Nxg1 31. Rxg1 b6 32. Kb3 Kh6
33. a4 Rb8 34. c3 a5 35. Be5 Rb7 36. Bf4+ Kh7 37. Rh1+ Kg7 38. Be5+ Kg6 39. Rf1
Re7 40. Bd4 c5 41. Bg1 Re2 42. Rf2 Re6 43. Bh2 Rc6 44. Kc4 Re6 45. Kb5 Re3 46.
Rc2 Re4 47. c4 1-0

[Event "XIV Open"]
[Site "Crema ITA"]
[Date "2012.09.02"]
[Round "5"]
[White "Barolo, Andrea"]
[Black "Biava, Pierluigi"]
[Result "1-0"]
[WhiteElo "1940"]
[BlackElo "1655"]
[PlyCount "69"]
[EventDate "2012.08.31"]

1. e4 c5 2. c3 e6 3. d4 Nf6 4. e5 Nd5 5. c4 Nb4 6. Nf3 N8c6 7. d5 exd5 8. cxd5
Nd4 9. Nxd4 cxd4 10. a3 Nxd5 11. Qxd4 Qa5+ 12. b4 Qc7 13. Bb2 Ne7 14. Nc3 Nc6
15. Nd5 Qb8 16. Qe3 b6 17. Rc1 Bb7 18. b5 Ne7 19. Nc7+ Kd8 20. Nxa8 Qxa8 21. f3
Ng6 22. Bd3 Bc5 23. Rxc5 bxc5 24. Qxc5 Nf4 25. Bf1 Ne6 26. Qc2 Ke7 27. Be2 Rc8
28. Qxh7 Rc5 29. O-O Qc8 30. a4 Rc2 31. Ba3+ Rc5 32. Rc1 Qc7 33. Bxc5+ Nxc5 34.
Qh4+ Ke6 35. Bc4+ 1-0

[Event "XIV Open"]
[Site "Crema ITA"]
[Date "2012.09.02"]
[Round "5"]
[White "Barucco, Mattia"]
[Black "Coppola, Federico"]
[Result "1-0"]
[WhiteElo "2000"]
[BlackElo "1893"]
[PlyCount "71"]
[EventDate "2012.08.31"]

1. e4 c5 2. Nc3 d6 3. g3 g6 4. Bg2 Bg7 5. d3 Nf6 6. f4 Nc6 7. Nf3 O-O 8. O-O
Rb8 9. h3 b5 10. a3 Ne8 11. f5 Nd4 12. g4 a5 13. Rb1 Nc7 14. Bg5 b4 15. axb4
axb4 16. Ne2 Ncb5 17. Ng3 Bb7 18. Qd2 Nxf3+ 19. Bxf3 Qc7 20. Bf4 Ra8 21. Bg2
Ra2 22. b3 Bc3 23. Qf2 Bd4 24. Be3 Bxe3 25. Qxe3 Kg7 26. Rf2 Nd4 27. Rc1 Bc6
28. g5 f6 29. h4 Qd8 30. h5 Qe8 31. hxg6 hxg6 32. fxg6 fxg5 33. Rxf8 Qxf8 34.
Rf1 Qe8 35. Qxg5 Kg8 36. Qh6 1-0

[Event "XIV Open"]
[Site "Crema ITA"]
[Date "2012.09.02"]
[Round "5"]
[White "Cappa, Enrico"]
[Black "Poletti, Guido"]
[Result "1-0"]
[WhiteElo "1641"]
[BlackElo "1371"]
[PlyCount "47"]
[EventDate "2012.08.31"]

1. e4 d5 2. exd5 Nf6 3. Nf3 Nxd5 4. c4 Nf6 5. d4 Bg4 6. Be2 e6 7. O-O Be7 8.
Nc3 O-O 9. Qb3 Nc6 10. d5 Bxf3 11. Bxf3 Nd4 12. Qd1 Nxf3+ 13. Qxf3 exd5 14.
Nxd5 Nxd5 15. Rd1 c6 16. cxd5 cxd5 17. Rxd5 Qxd5 18. Qxd5 Rad8 19. Qb3 Rfe8 20.
Be3 b6 21. Rd1 Bf6 22. Rxd8 Rxd8 23. g3 Kf8 24. Qa3+ 1-0

[Event "XIV Open"]
[Site "Crema ITA"]
[Date "2012.09.02"]
[Round "5"]
[White "Carbone, Lorenzo"]
[Black "Mantovani, Enrico"]
[Result "0-1"]
[WhiteElo "1728"]
[BlackElo "1839"]
[PlyCount "104"]
[EventDate "2012.08.31"]

1. e4 c6 2. c4 d5 3. exd5 cxd5 4. cxd5 Qxd5 5. Nc3 Qd8 6. Qa4+ Bd7 7. Bb5 Nf6
8. Nf3 e6 9. Ne5 Bxb5 10. Qxb5+ Nbd7 11. Nxd7 Qxd7 12. Qxd7+ Nxd7 13. O-O Bc5
14. Nb5 O-O 15. d4 Bb6 16. Be3 Nf6 17. Rac1 Nd5 18. Rc4 Rfd8 19. Rfc1 f6 20. a4
a6 21. Nc3 Nxe3 22. fxe3 e5 23. Ne2 a5 24. Kf2 Rd7 25. Kf3 Rad8 26. Ke4 exd4
27. exd4 Re7+ 28. Kd3 Rde8 29. Re1 Re3+ 30. Kd2 R8e4 31. Rc3 Bxd4 32. Rc8+ Kf7
33. Rc7+ Ke8 34. Rxb7 Bc5 35. g3 Bb4+ 36. Rxb4 axb4 37. a5 Kd7 38. a6 Kc7 39.
Rc1+ Kb6 40. Nf4 Kxa6 41. Rc8 Kb5 42. Nd5 Re2+ 43. Kd3 f5 44. b3 Rb2 45. Rb8+
Kc5 46. Nc7 Rxb3+ 47. Kc2 Rc3+ 48. Kd2 Kc4 49. Na6 Rd3+ 50. Kc2 b3+ 51. Kb2
Re2+ 52. Ka3 Ra2# 0-1

[Event "XIV Open"]
[Site "Crema ITA"]
[Date "2012.09.02"]
[Round "5"]
[White "Casartelli, Fabio"]
[Black "Ferrari, Paolo"]
[Result "1-0"]
[WhiteElo "1860"]
[BlackElo "1713"]
[PlyCount "157"]
[EventDate "2012.08.31"]

1. d4 Nf6 2. Nd2 e6 3. e4 c5 4. c3 Nc6 5. Ngf3 cxd4 6. cxd4 Bb4 7. Bd3 Qb6 8.
O-O Nxd4 9. Nc4 Nxf3+ 10. Qxf3 Qc7 11. Bf4 d6 12. Rac1 Qd7 13. a3 b5 14. Nxd6+
Bxd6 15. e5 Bb7 16. Qe2 a6 17. exd6 Nd5 18. Bg3 O-O 19. Qh5 g6 20. Qh6 f6 21.
Be4 Rac8 22. h4 Qg7 23. Qd2 Qd7 24. b4 Rxc1 25. Rxc1 Rc8 26. Rxc8+ Qxc8 27. Qd4
Qd8 28. h5 g5 29. Qc5 f5 30. Bc2 f4 31. Bh2 Qc8 32. g3 Qxc5 33. bxc5 Bc6 34.
gxf4 gxf4 35. Be4 a5 36. Bxf4 b4 37. axb4 axb4 38. Be5 b3 39. h6 Nb4 40. Bxc6
Nxc6 41. Bb2 Kf7 42. Kf1 e5 43. Ke1 Ke6 44. Kd2 Kd5 45. Ba3 Na5 46. Kc3 Nc6 47.
Kxb3 Nd8 48. Kb4 Kc6 49. Bc1 Ne6 50. Be3 Nd8 51. Kc4 Ne6 52. Kd3 Kd5 53. Ke2
Nd8 54. Kf3 Ke6 55. Ke4 Nf7 56. Bd2 Nd8 57. Bg5 Nf7 58. Be7 Nxh6 59. c6 Nf7 60.
c7 Kd7 61. Kf5 h5 62. Kf6 h4 63. Kxf7 h3 64. c8=Q+ Kxc8 65. Ke8 h2 66. d7+ Kb7
67. d8=Q h1=Q 68. Qd7+ Kb6 69. Qd6+ Kb7 70. Qxe5 Qc6+ 71. Kf7 Qf3+ 72. Qf6 Qb3+
73. Kf8 Qc4 74. Qf7 Qc8+ 75. Bd8+ Kc6 76. Qc7+ Qxc7 77. Bxc7 Kxc7 78. Ke7 Kc6
79. f4 1-0

[Event "XIV Open"]
[Site "Crema ITA"]
[Date "2012.09.02"]
[Round "5"]
[White "Colombo, Luca"]
[Black "Borboni, Paolo"]
[Result "1-0"]
[WhiteElo "1898"]
[BlackElo "1750"]
[PlyCount "64"]
[EventDate "2012.08.31"]

1. e4 e5 2. Nf3 Nc6 3. Bb5 a6 4. Bxc6 dxc6 5. d4 exd4 6. Qxd4 Qxd4 7. Nxd4 Bd7
8. Be3 O-O-O 9. Nd2 Ne7 10. Nc4 Ng6 11. O-O-O c5 12. Nf3 f6 13. Rd5 b6 14. Rhd1
Be7 15. e5 Be6 16. Rxd8+ Rxd8 17. exf6 Rxd1+ 18. Kxd1 Bxf6 19. Nfd2 Nh4 20. g3
Ng2 21. b3 Nxe3+ 22. Nxe3 Kd7 23. Ne4 Be7 24. c4 c6 25. Kd2 b5 26. f4 g6 27.
Kd3 h6 28. g4 Ke8 29. f5 gxf5 30. gxf5 Bf7 31. Ng4 Bf8 32. Ne5 Kd8 1-0

[Event "XIV Open"]
[Site "Crema ITA"]
[Date "2012.09.02"]
[Round "5"]
[White "Corso, Gabriele"]
[Black "Agnelli, Francesco"]
[Result "0-1"]
[WhiteElo "1764"]
[BlackElo "2034"]
[PlyCount "36"]
[EventDate "2012.08.31"]

1. e4 c5 2. Nf3 Nc6 3. Bb5 e6 4. O-O Nge7 5. Re1 a6 6. Bf1 Ng6 7. d4 cxd4 8.
Nxd4 Be7 9. c4 O-O 10. Nc3 Qc7 11. b3 b6 12. Bb2 Bb7 13. Qd2 Rad8 14. Rad1 Nce5
15. g3 f5 16. f4 Nc6 17. exf5 Nxd4 18. Qxd4 Bc5 0-1

[Event "XIV Open"]
[Site "Crema ITA"]
[Date "2012.09.02"]
[Round "5"]
[White "D'Amato, Piergiorgio"]
[Black "Cervini, Ernesto"]
[Result "1-0"]
[WhiteElo "1885"]
[BlackElo "1733"]
[PlyCount "49"]
[EventDate "2012.08.31"]

1. e4 c5 2. Nf3 Nc6 3. d4 cxd4 4. Nxd4 Nf6 5. Nc3 a6 6. h3 e5 7. Nde2 h6 8. g4
d6 9. Ng3 g6 10. Be3 Be6 11. Bg2 g5 12. Nd5 Bxd5 13. exd5 Ne7 14. Qd2 Ng6 15.
Nf5 Rc8 16. O-O-O Qc7 17. Kb1 b5 18. Bf3 Ne7 19. Nxe7 Kxe7 20. h4 gxh4 21. g5
hxg5 22. Bxg5 Bg7 23. Bg4 Rb8 24. f4 exf4 25. Qxf4 1-0

[Event "XIV Open"]
[Site "Crema ITA"]
[Date "2012.09.02"]
[Round "5"]
[White "Folcini, Gaddo"]
[Black "Redamante, Marzio"]
[Result "0-1"]
[WhiteElo "1606"]
[BlackElo "1495"]
[PlyCount "70"]
[EventDate "2012.08.31"]

1. e4 c5 2. d4 cxd4 3. c3 dxc3 4. Nxc3 Nc6 5. Nf3 g6 6. Bc4 Bg7 7. O-O e6 8.
Nb5 Nge7 9. Nd6+ Kf8 10. Ng5 Ne5 11. b3 h6 12. Nf3 Nxc4 13. bxc4 Bxa1 14. Bxh6+
Rxh6 15. Qxa1 Nc6 16. Qc1 Rh5 17. g4 Rc5 18. Qf4 Qe7 19. e5 Nxe5 20. Nxe5 Rxe5
21. Qxe5 Kg8 22. g5 b6 23. Re1 Qf8 24. Ne4 Qa3 25. Re3 Qc1+ 26. Kg2 Bb7 27. Kh3
Qf1+ 28. Kg4 Qd1+ 29. Kh4 Bxe4 30. Rxe4 Rc8 31. Rf4 Rc5 32. Qb8+ Kg7 33. Rg4
Qf3 34. Qf4 Qe2 35. Qf6+ Kg8 0-1

[Event "XIV Open"]
[Site "Crema ITA"]
[Date "2012.09.02"]
[Round "5"]
[White "Fongarolli, Diego"]
[Black "Maltsev, Leonid"]
[Result "1-0"]
[WhiteElo "2068"]
[BlackElo "1941"]
[PlyCount "33"]
[EventDate "2012.08.31"]

1. e4 c5 2. Nf3 Nc6 3. d4 cxd4 4. Nxd4 Nf6 5. Nc3 e5 6. Ndb5 d6 7. Bg5 a6 8.
Na3 b5 9. Bxf6 gxf6 10. Nd5 Be6 11. c3 Bg7 12. Nc2 f5 13. exf5 Bxf5 14. Nce3
Bg6 15. a4 bxa4 16. Qxa4 Rc8 17. Bxa6 1-0

[Event "XIV Open"]
[Site "Crema ITA"]
[Date "2012.09.02"]
[Round "5"]
[White "Frignani, Alessandro"]
[Black "Tedoldi, Guido"]
[Result "0-1"]
[WhiteElo "1377"]
[BlackElo "1600"]
[PlyCount "102"]
[EventDate "2012.08.31"]

1. e4 c5 2. c4 Nc6 3. Nc3 e5 4. Nge2 Nf6 5. f3 d6 6. a3 Be7 7. d3 O-O 8. g3 Bd7
9. Bg2 Rb8 10. Be3 Nd4 11. Bxd4 cxd4 12. Nd5 Nxd5 13. exd5 Re8 14. O-O Bg5 15.
f4 exf4 16. Nxf4 Bf5 17. Qd2 Qd7 18. Rae1 Rxe1 19. Rxe1 Re8 20. Be4 Re5 21. Qf2
Bh3 22. Bg2 Bxg2 23. Kxg2 h6 24. Re4 Qe7 25. Qxd4 f5 26. Ng6 Qe6 27. Nxe5 fxe4
28. dxe4 dxe5 29. Qxa7 Qe7 30. b4 h5 31. c5 Be3 32. Qb8+ Kh7 33. Qc8 h4 34. d6
Qf7 35. Qf5+ Qxf5 36. exf5 Bg5 37. g4 e4 38. h3 Kg8 39. a4 Kf7 40. Kf2 Ke8 41.
Ke2 Kd7 42. b5 Bc1 43. a5 Ba3 44. a6 bxa6 45. bxa6 Bxc5 46. g5 Kxd6 47. f6 gxf6
48. g6 Ke7 49. Kd2 Kf8 50. Kc3 Kg7 51. Kd2 Kxg6 0-1

[Event "XIV Open"]
[Site "Crema ITA"]
[Date "2012.09.02"]
[Round "5"]
[White "Galli, Fabrizio"]
[Black "Conta, Diego"]
[Result "0-1"]
[WhiteElo "1463"]
[BlackElo "1656"]
[PlyCount "72"]
[EventDate "2012.08.31"]

1. d4 Nf6 2. Nf3 g6 3. Nbd2 Bg7 4. e4 d6 5. Bd3 O-O 6. O-O Bg4 7. h3 Bd7 8. c3
Re8 9. Re1 e5 10. Nf1 Nh5 11. d5 Rf8 12. N3h2 f5 13. Ng3 Nf6 14. exf5 gxf5 15.
Nxf5 Bxf5 16. Bxf5 Nbd7 17. Bg5 Qe8 18. Re3 Kh8 19. Ng4 Nxg4 20. hxg4 Rxf5 21.
gxf5 Nf6 22. Rh3 Qf7 23. Qf3 Nxd5 24. g3 Rf8 25. g4 c6 26. Kg2 Rg8 27. Rah1 Bf6
28. Rxh7+ Qxh7 29. Rxh7+ Kxh7 30. Qh3+ Kg7 31. Qh6+ Kf7 32. Qh5+ Ke7 33. Qh7+
Kf8 34. Qh6+ Kf7 35. Qh5+ Ke7 36. Bh4 Nf4+ 0-1

[Event "XIV Open"]
[Site "Crema ITA"]
[Date "2012.09.02"]
[Round "5"]
[White "Gagliardi, Christian"]
[Black "Distratis, Gianluca"]
[Result "1-0"]
[WhiteElo "2217"]
[BlackElo "1962"]
[PlyCount "99"]
[EventDate "2012.08.31"]

1. d4 Nf6 2. Nf3 g6 3. Bf4 Bg7 4. e3 O-O 5. Be2 d6 6. h3 Nbd7 7. O-O Re8 8. c3
e5 9. dxe5 dxe5 10. Nxe5 Nh5 11. Bxh5 Nxe5 12. Be2 Qe7 13. Nd2 Bf5 14. e4 Be6
15. Re1 Rad8 16. Qc2 c6 17. Be3 b6 18. a4 Qh4 19. Nf3 Nxf3+ 20. Bxf3 g5 21. Qe2
Bc8 22. Rad1 Be5 23. Rxd8 Rxd8 24. Rd1 Re8 25. Bg4 Bxg4 26. Qxg4 Qxg4 27. hxg4
h6 28. Rd7 Bb8 29. f3 c5 30. a5 Bg3 31. Kf1 bxa5 32. Bxc5 Rb8 33. Ba3 a6 34.
Ke2 Bf4 35. Kd3 Kg7 36. Kc2 Rb6 37. Rd5 Rb5 38. c4 Rb6 39. Rxa5 Kf6 40. Rd5 Ke6
41. b3 Bg3 42. Bb2 f6 43. Bc3 Be5 44. Bxe5 fxe5 45. Kc3 Rb8 46. Ra5 Rb6 47. b4
Rc6 48. Rd5 Rc8 49. c5 Rc6 50. Kc4 1-0

[Event "XIV Open"]
[Site "Crema ITA"]
[Date "2012.09.02"]
[Round "5"]
[White "Gonella, Daniele"]
[Black "Gemelli, Giovanni"]
[Result "1-0"]
[WhiteElo "2157"]
[BlackElo "1807"]
[PlyCount "85"]
[EventDate "2012.08.31"]

1. e4 c5 2. Nf3 Nc6 3. Bb5 d6 4. d4 cxd4 5. Qxd4 Bd7 6. Bxc6 Bxc6 7. c4 Nf6 8.
Nc3 e6 9. O-O Be7 10. b3 O-O 11. Bb2 a6 12. Rac1 e5 13. Qd3 Nh5 14. Rfd1 Nf4
15. Qf1 Qb6 16. c5 dxc5 17. Nxe5 Bf6 18. Nxc6 Qxc6 19. g3 Ng6 20. Qe2 Rfe8 21.
f3 Bd4+ 22. Kg2 Kh8 23. Na4 Qb5 24. Rd2 Red8 25. Bxd4 Qxe2+ 26. Rxe2 cxd4 27.
Nb6 Ra7 28. Rd2 Ne7 29. Rc7 Nc6 30. Rxf7 Kg8 31. Rf5 a5 32. Rd5 Rxd5 33. exd5
Nb4 34. Rxd4 Ra6 35. Nc4 b5 36. Ne3 Kf7 37. a3 Na2 38. d6 Ra8 39. Re4 Ra7 40.
Re5 Nc3 41. Rc5 b4 42. axb4 axb4 43. Rc7+ 1-0

[Event "XIV Open"]
[Site "Crema ITA"]
[Date "2012.09.02"]
[Round "5"]
[White "Gonella, Graziano"]
[Black "Frugoni, Giulio"]
[Result "0-1"]
[WhiteElo "1211"]
[BlackElo "1638"]
[PlyCount "58"]
[EventDate "2012.08.31"]

1. e4 c5 2. c4 Nc6 3. Ne2 Nf6 4. Nbc3 d6 5. d4 cxd4 6. Nxd4 g6 7. Be3 Bg7 8.
Be2 O-O 9. O-O a6 10. f4 Nxd4 11. Bxd4 e6 12. e5 dxe5 13. fxe5 Nd7 14. Rf4 Qc7
15. Rf6 Nxe5 16. Qf1 Nd7 17. Ne4 e5 18. Be3 Nxf6 19. Nxf6+ Kh8 20. Rd1 Qc6 21.
Kh1 Qxf6 22. Qxf6 Bxf6 23. Rf1 Kg7 24. g4 Be6 25. g5 Bxg5 26. Bxg5 f6 27. Be3
Rac8 28. Rd1 Rc6 29. c5 b6 0-1

[Event "XIV Open"]
[Site "Crema ITA"]
[Date "2012.09.02"]
[Round "5"]
[White "Khaetsky, Roman"]
[Black "Sanchez, Joseph"]
[Result "1-0"]
[WhiteElo "2399"]
[BlackElo "2518"]
[PlyCount "45"]
[EventDate "2012.08.31"]

1. d4 Nf6 2. Nf3 d5 3. c4 c6 4. Qb3 dxc4 5. Qxc4 Bg4 6. Nc3 Bxf3 7. gxf3 g6 8.
e4 Bg7 9. Qb3 Qc7 10. Be3 Nbd7 11. Rc1 O-O 12. e5 Nh5 13. Bh3 Nb6 14. Bg4 Kh8
15. Bxh5 gxh5 16. Rg1 f6 17. Ne4 fxe5 18. Ng5 Bf6 19. Ne6 Qd6 20. Nxf8 Rxf8 21.
Bh6 Rd8 22. Qf7 Qb4+ 23. Rc3 1-0